Mariano Marcos State University

University Library System

Production of useful organic products from bamboo scraps and wood sawdust using Phanerochaete chrysosporium and Trichoderma reesei (Record no. 9668)

MARC details
000 -LEADER
fixed length control field 00636nam a22001697a 4500
003 - CONTROL NUMBER IDENTIFIER
control field OSt
005 - DATE AND TIME OF LATEST TRANSACTION
control field 20171010095504.0
008 - FIXED-LENGTH DATA ELEMENTS--GENERAL INFORMATION
fixed length control field 120730t xxu||||| |||| 00| 0 eng d
040 ## - CATALOGING SOURCE
Original cataloging agency MMSU
Transcribing agency ULS
100 ## - MAIN ENTRY--PERSONAL NAME
Personal name Viernes, Jonathan S.
9 (RLIN) 11612
245 ## - TITLE STATEMENT
Title Production of useful organic products from bamboo scraps and wood sawdust using Phanerochaete chrysosporium and Trichoderma reesei
Statement of responsibility, etc. Jonathan S. Viernes
260 ## - PUBLICATION, DISTRIBUTION, ETC.
Date of publication, distribution, etc. 2008
300 ## - PHYSICAL DESCRIPTION
Extent xviii, 100 leaves
Dimensions 28 cm.
500 ## - GENERAL NOTE
General note Thesis (BS Biology) -- Mariano Marcos State University-College of Arts & Sciences, Batac City
504 ## - BIBLIOGRAPHY, ETC. NOTE
Bibliography, etc. note Bibliography: leaves 42-44
942 ## - ADDED ENTRY ELEMENTS (KOHA)
Source of classification or shelving scheme
Koha item type Thesis/Dissertation
Holdings
Withdrawn status Lost status Source of classification or shelving scheme Damaged status Not for loan Home library Current library Date acquired Total Checkouts Barcode Date last seen Price effective from Koha item type Public note
          REF REF 07/30/2012   3491-Un 10/10/2017 10/10/2017 Thesis/Dissertation Library Use only

© 2023 Mariano Marcos State University. All Rights Reserved.

Powered by Koha